| 000 | 00815nam a2200229 a 4500 | ||
|---|---|---|---|
| 005 | 20210223124910.0 | ||
| 008 | 030407s2000 ag r 000 0 spa d | ||
| 020 | _a9508021063 | ||
| 035 | _aUPN01000123647 | ||
| 049 | _aCG | ||
| 050 | 4 |
_aK3240.4 _bP4.6 |
|
| 100 | 1 | _aPeralta, María Inés | |
| 245 | 1 | 0 |
_aNiñez y derechos : _bformación de promotores de derechos de la niñez y adolescencia : una propuesta teórica-metodológica / _cMaría Inés Peralta, Julia Alejandra Reartes. |
| 260 |
_aBuenos Aires : _bEspacio, _c2000. |
||
| 300 |
_a128 p. : _bil. |
||
| 440 | 0 |
_aCiencias sociales. _pNovedades |
|
| 650 | 4 |
_aDERECHOS DE LOS NIÑOS - _zARGENTINA _913352 |
|
| 650 | 4 |
_aDERECHOS HUMANOS - _zARGENTINA _914690 |
|
| 650 | 4 |
_aPROMOTORES _923967 |
|
| 700 | 1 |
_aReartes, Julia Alejandra, _ecoaut. |
|
| 905 | _aLibro | ||
| 999 |
_c95826 _d95826 |
||